000 00455nam a2200157 4500
001 123511
003 ES-MaACL
005 20230906192203.0
007 t|
008 070214s1978 sp r ||||1| spa d
100 1 _aRaga Gil, José T.
_994979
245 1 0 _aPolítica fiscal y redistribución de las rentas /
_cJosé T. Raga Gil.
260 _aMadrid :
_bMoneda y Crédito,
_c1978.
300 _a112 p. ;
_c24 cm.
852 _aES-MaACL
_jA-9430
_bR.98515
999 _c123511
_d123511